header

Behavioral finance (Record no. 59326)

MARC details
000 -LEADER
fixed length control field 01647nam a2200373 a 4500
082 04 - DEWEY DECIMAL CLASSIFICATION NUMBER
Classification number 332.01/9
100 1# - MAIN ENTRY--AUTHOR NAME
Personal name Burton, Edwin T.
245 10 - TITLE STATEMENT
Title Behavioral finance
260 ## - PUBLICATION, DISTRIBUTION, ETC. (IMPRINT)
Place of publication Hoboken :
Name of publisher Wiley,
Year of publication 2013.
300 ## - PHYSICAL DESCRIPTION
Number of Pages xii, 242 p. :
Other physical details ill.
490 1# - SERIES STATEMENT
Series statement Wiley finance series
505 0# - FORMATTED CONTENTS NOTE
Formatted contents note Introduction -- Introduction to behavioral finance -- What is the efficient market hypothesis? -- The EMH and the "market model" -- The forerunners to behavioral finance -- Noise traders -- Noise traders and the law of one price -- Index.
650 #0 - SUBJECT ADDED ENTRY--TOPICAL TERM
Topical Term Investments
Topical Term Capital market
Topical Term Decision making.
700 1# - ADDED ENTRY--PERSONAL NAME
Personal name Shah, Sunit N.
856 40 - ELECTRONIC LOCATION AND ACCESS
Uniform Resource Identifier http://site.ebrary.com/lib/rucke/Doc?id=10677825

No items available.

© 2026 Rongo University
Contact us: librarian | system librarian | Rongo university